[Event "34th Chess Olympiad (women)"]
[Site "Istanbul"]
[Date "2000.10.31"]
[Round "4.29.1"]
[White "Mateus, Martha"]
[Black "Lim, Jean Nie"]
[WhiteElo "2318"]
[BlackElo "2168"]
[WhiteCountry "COL"]
[BlackCountry "MAS"]
[Result "1/2-1/2"]

1. e4 c5 2. Nf3 Nc6 3. d4 cxd4 4. Nxd4 g6 5. Nxc6 bxc6 6. Qd4 Nf6 7. Nc3 d6 
8. Bc4 Bg7 9. O-O O-O 10. Qd3 e6 11. Rd1 d5 12. Bg5 Qa5 13. exd5 cxd5 
14. Bb3 Bb7 15. Qg3 d4 16. Bxf6 Bxf6 17. Ne2 e5 18. f4 Rad8 19. fxe5 Bxe5 
20. Qh4 Qb6 21. Kh1 Qc6 22. Qh3 a5 23. a4 Rd6 24. Ng1 Bc8 25. Qf3 Qxf3 
26. Nxf3 Bg7 27. Bc4 Bf5 28. Bd3 Bg4 29. Rf1 Re8 30. h3 Bxf3 31. Rxf3 Re3 
32. Raf1 Rxf3 33. Rxf3 Rd7 34. Rf2 Bh6 35. Rf6 Rb7 36. b3 Bd2 37. Rd6 Bc3 
38. g4 Re7 39. Rd5 Kg7 40. Kg2 h6 41. Bc4 
1/2-1/2

[Event "34th Chess Olympiad (women)"]
[Site "Istanbul"]
[Date "2000.10.31"]
[Round "4.29.2"]
[White "Ibrahim, Eliza"]
[Black "Palao, Maricela"]
[WhiteElo "2015"]
[BlackElo "2159"]
[WhiteCountry "MAS"]
[BlackCountry "COL"]
[Result "1/2-1/2"]

1. d4 d5 2. Bf4 Nf6 3. Nf3 c5 4. e3 Nc6 5. c3 cxd4 6. exd4 g6 7. Bd3 Bg7 
8. O-O O-O 9. Nbd2 b6 10. h3 Bb7 11. Re1 Rc8 12. Ne5 Nh5 13. Nxc6 Bxc6 
14. Bg5 f6 15. Bh4 Nf4 16. Nf3 Nxd3 17. Qxd3 Qd7 18. Qe3 Rf7 19. Bg3 Re8 
20. Qe6 Qb7 21. Rad1 Bd7 22. Qe2 b5 23. Qd2 a5 24. Re2 b4 25. cxb4 axb4 
26. Rc1 Rc8 27. Rxc8+ Bxc8 28. Qc2 Qa6 29. b3 Bf5 30. Qd2 Be4 31. Re1 Bxf3 
32. gxf3 Qb7 33. Qe3 Qa7 34. Qd2 Qb6 35. Rc1 Rf8 36. Qe3 Re8 37. Rc5 e6 
38. Rxd5 exd5 39. Qxe8+ Bf8 40. Qb8 Qe6 41. Kg2 Kf7 42. Qb7+ Be7 43. Bc7 h5 
44. Ba5 Qd6 45. Bb6 Ke6 46. Bc5 Qd7 47. Qxb4 Bd8 48. a4 Kf5 49. a5 Bc7 
50. Qd2 Bf4 51. Qd3+ Kg5 52. Qf1 Kh4 53. Qh1 Qb5 54. b4 Qe2 55. Qf1 Qe6 
56. Qh1 Qe2 57. Qf1 Qe6 58. Qh1 
1/2-1/2

[Event "34th Chess Olympiad (women)"]
[Site "Istanbul"]
[Date "2000.10.31"]
[Round "4.29.3"]
[White "Pulido, Denise"]
[Black "Siti, Zulaikha"]
[WhiteElo "2000"]
[BlackElo "2000"]
[WhiteCountry "COL"]
[BlackCountry "MAS"]
[Result "0-1"]

1. d4 Nf6 2. c4 g6 3. Nc3 Bg7 4. e4 d6 5. Nf3 O-O 6. h3 e5 7. d5 Nbd7 
8. Be3 Ne8 9. Bd3 f5 10. exf5 gxf5 11. Ng5 Ndf6 12. Bc2 Kh8 13. Nf3 Qe7 
14. Bg5 Rg8 15. Qd2 Bf8 16. O-O-O Qg7 17. Kb1 e4 18. Bxf6 Qxf6 19. Ne1 Bh6 
20. Qe2 Bd7 21. Rg1 Qe5 22. g3 a6 23. Ng2 Nf6 24. Ne3 b5 25. Bb3 Rgb8 
26. Qd2 Bxe3 27. Qxe3 bxc4 28. Bxc4 Rb4 29. Bb3 a5 30. f4 Qe8 31. Rd4 Qb8 
32. Qd2 Qb6 33. Rd1 Rxd4 34. Qxd4 Qxd4 35. Rxd4 Nh5 36. Ne2 a4 37. Bc4 Rb8 
38. Kc2 Rg8 39. g4 fxg4 40. hxg4 Rxg4 41. Kd2 Nxf4 42. Rxe4 Nxe2 43. Rxg4 Bxg4 
44. Bxe2 Bxe2 45. Kxe2 Kg7 46. Ke3 Kf6 47. Kf4 h5 
0-1

[Event "34th Chess Olympiad (women)"]
[Site "Istanbul"]
[Date "2000.10.31"]
[Round "4.30.1"]
[White "Minnaar, Michelle"]
[Black "Sanchez Castillo, Sarai"]
[WhiteElo "2062"]
[BlackElo "2093"]
[WhiteCountry "RSA"]
[BlackCountry "VEN"]
[Result "1/2-1/2"]

1. d4 e6 2. Nf3 d5 3. c3 c5 4. Bf4 Nc6 5. e3 Nf6 6. Nbd2 cxd4 7. exd4 Be7 
8. Bd3 Bd7 9. h3 Qb6 10. Qb3 Qxb3 11. axb3 O-O 12. O-O a6 13. b4 Na7 
14. Ne5 Bb5 15. Bxb5 Nxb5 16. Bg5 Rfd8 17. Nb3 h6 18. Bxf6 Bxf6 19. f4 Nd6 
20. Nd2 Be7 21. g3 f6 22. Nd3 Kf7 23. Rfe1 b6 24. Ra2 Ra7 25. Kg2 Rda8 
26. Rea1 Nb5 27. Nb3 Bd8 28. Re1 Nd6 29. Rea1 Nc4 30. Kf3 Bc7 31. Rd1 Bb8 
32. Nd2 
1/2-1/2

[Event "34th Chess Olympiad (women)"]
[Site "Istanbul"]
[Date "2000.10.31"]
[Round "4.30.2"]
[White "Blanco, Acevedo Maria Carolina"]
[Black "Frick, Denise"]
[WhiteElo "2030"]
[BlackElo "2000"]
[WhiteCountry "VEN"]
[BlackCountry "RSA"]
[Result "1-0"]

1. c4 g6 2. Nc3 Bg7 3. e4 c5 4. f4 d6 5. Nf3 Nc6 6. Be2 Nf6 7. O-O Bg4 
8. d3 O-O 9. Qe1 Bf3 10. Bf3 Qd7 11. Bd1 e6 12. g4 Ne8 13. f5 Ne5 14. Qg3 h6 
15. g5 hg5 16. Bg5 ef5 17. Ba4 Qe6 18. Nd5 f6 19. ef5 Qf7 20. fg6 Qe6 
21. Be8 Qe8 22. Nf6+ Bf6 23. Bf6 Ng6 24. Rae1 
1-0

[Event "34th Chess Olympiad (women)"]
[Site "Istanbul"]
[Date "2000.10.31"]
[Round "4.30.3"]
[White "Van Der Merwe, Cecile"]
[Black "Martinez, Aleidi"]
[WhiteElo "2000"]
[BlackElo "2181"]
[WhiteCountry "RSA"]
[BlackCountry "VEN"]
[Result "0-1"]

1. e4 c5 2. c3 e6 3. d4 d5 4. ed5 Qd5 5. Nf3 Nc6 6. Be2 cd4 7. cd4 Nf6 
8. Nc3 Bb4 9. O-O Qa5 10. Qc2 O-O 11. Bf4 Bd7 12. Ne4 Ne4 13. Qe4 Be7 
14. Bd3 g6 15. Bh6 Rfd8 16. Qf4 Be8 17. Rfd1 Qb4 18. Bf1 Rd5 19. b3 Rad8 
20. Bc4 Rf5 21. Qe3 Qb6 22. Rd2 Nb4 23. Rad1 Nd5 24. Qe1 Bb4 25. Qf1 Bd2 
26. Bd2 Qd6 27. Ne5 Nf4 28. g3 Nd5 29. g4 Re5 30. de5 Qe5 31. Bd5 Qd5 
32. Qg2 Qd4 33. Kf1 Bc6 34. Qg3 Qe4 35. Re1 Qh1+ 36. Ke2 Qd5 37. Rd1 Bb5+ 
38. Ke1 Qh1+ 39. Qg1 Qg1# 
0-1

[Event "34th Chess Olympiad (women)"]
[Site "Istanbul"]
[Date "2000.10.31"]
[Round "4.31.1"]
[White "Monterroso Ochoa, Karla"]
[Black "Agosto, Erika"]
[WhiteElo "2000"]
[BlackElo "2036"]
[WhiteCountry "GUA"]
[BlackCountry "ITA"]
[Result "0-1"]

1. e4 e5 2. Nf3 Nc6 3. Bc4 Be7 4. Nc3 Nf6 5. O-O d6 6. h3 O-O 7. d3 Na5 
8. Nd2 Nxc4 9. Nxc4 Be6 10. f4 exf4 11. Bxf4 Bxc4 12. dxc4 Re8 13. Qf3 Qd7 
14. Rad1 Qe6 15. b3 Nd7 16. Nd5 Bd8 17. Rde1 Ne5 18. Bxe5 dxe5 19. Qf5 Qxf5 
20. Rxf5 c6 21. Ne3 Bb6 22. Kf1 Rad8 23. Ke2 Rd4 24. Kf3 g6 25. Rg5 Bd8 
26. c3 Rd3 27. Ke2 Rxe3+ 28. Kxe3 Bxg5+ 29. Ke2 Rd8 30. Rd1 Rxd1 31. Kxd1 f5 
32. exf5 gxf5 33. c5 Kf7 34. c4 Ke6 35. b4 e4 36. a4 Ke5 37. a5 Kd4 
0-1

[Event "34th Chess Olympiad (women)"]
[Site "Istanbul"]
[Date "2000.10.31"]
[Round "4.31.2"]
[White "Arnetta, Marianna"]
[Black "Castillo Melendez, Dina"]
[WhiteElo "2081"]
[BlackElo "2071"]
[WhiteCountry "ITA"]
[BlackCountry "GUA"]
[Result "0-1"]

1. e4 c5 2. Nc3 e6 3. f4 d5 4. exd5 exd5 5. Nf3 Nf6 6. d3 Be7 7. Be2 Nc6 
8. O-O O-O 9. Qe1 a6 10. a4 Re8 11. h3 Bf8 12. Qf2 b6 13. Kh1 Bb7 14. Bd1 d4 
15. Ne2 Qd7 16. Ng3 Ne7 17. Ne5 Qxh3+ 18. Kg1 Qe6 19. Nh5 Nxh5 20. Bxh5 g6 
21. Bd1 f6 22. Nc4 Nf5 23. g4 Ne3 24. f5 Qd5 25. Bf3 Qxf3 26. Qxf3 Bxf3 
27. Nxe3 Be2 28. Rf2 Bxd3 29. Ng2 Be4 30. fxg6 hxg6 31. Bf4 Rac8 32. Bg3 Bg7 
33. Rd1 f5 34. gxf5 gxf5 35. Nh4 Rf8 36. Rdf1 d3 37. c3 Rc6 38. Nxf5 Bxf5 
39. Rxf5 Rxf5 40. Rxf5 Re6 41. Rd5 c4 42. Kf1 Bh6 43. b3 cxb3 44. Rxd3 b2 
0-1

[Event "34th Chess Olympiad (women)"]
[Site "Istanbul"]
[Date "2000.10.31"]
[Round "4.31.3"]
[White "Martinez Porras, Ingrid"]
[Black "Arnetta, Maria"]
[WhiteElo "2104"]
[BlackElo "2000"]
[WhiteCountry "GUA"]
[BlackCountry "ITA"]
[Result "0-1"]

1. Nf3 e6 2. g3 Nf6 3. Bg2 d5 4. d4 c5 5. c4 dxc4 6. Qa4+ Bd7 7. Qxc4 Bc6 
8. dxc5 Qd5 9. Qc2 Qxc5 10. Qxc5 Bxc5 11. O-O Nbd7 12. Nbd2 Rc8 13. Nb3 Bb6 
14. Bf4 Ng4 15. h3 Nxf2 16. Rxf2 Bxf2+ 17. Kxf2 O-O 18. Bd6 Rfd8 19. Ne5 Bxg2 
20. Kxg2 Rc2 21. Nxd7 Rxd7 22. Ba3 Rxe2+ 23. Kf3 Rh2 24. Rc1 h6 25. h4 Rd3+ 
26. Ke4 Rxg3 27. Kd4 
0-1

[Event "34th Chess Olympiad (women)"]
[Site "Istanbul"]
[Date "2000.10.31"]
[Round "4.32.1"]
[White "Mohammed, Janer"]
[Black "Villegas, Meylin"]
[WhiteElo "2000"]
[BlackElo "2000"]
[WhiteCountry "IRQ"]
[BlackCountry "CRC"]
[Result "1-0"]

1. d4 d5 2. c4 e6 3. Nc3 Nf6 4. Bg5 Be7 5. e3 c6 6. Nf3 Nbd7 7. Bd3 h6 
8. Bh4 O-O 9. O-O dxc4 10. Bxc4 b5 11. Bb3 a6 12. Ne5 Nxe5 13. dxe5 Nd5 
14. Bxe7 Qxe7 15. Ne4 Rd8 16. Qg4 Kh8 17. Nd6 Ra7 18. Rfd1 Rc7 19. e4 f5 
20. Nxc8 Rcxc8 21. exf5 exf5 22. Qxf5 Rf8 23. Qg6 Qxe5 24. Bc2 Nf6 25. Rd7 Rg8 
26. Rf7 
1-0

[Event "34th Chess Olympiad (women)"]
[Site "Istanbul"]
[Date "2000.10.31"]
[Round "4.32.2"]
[White "Ramirez, Karla"]
[Black "Al-Rufei, Eman H"]
[WhiteElo "2000"]
[BlackElo "2031"]
[WhiteCountry "CRC"]
[BlackCountry "IRQ"]
[Result "0-1"]

1. e4 e5 2. Nf3 Nc6 3. d4 exd4 4. Bc4 Nf6 5. e5 d5 6. Bb5 Ne4 7. Nxd4 Bd7 
8. Bxc6 bxc6 9. O-O Be7 10. f3 Ng5 11. Be3 O-O 12. Qd2 Re8 13. Nb3 f6 
14. exf6 Bxf6 15. Nc3 Nf7 16. Bd4 Nd6 17. Na4 Bf5 18. Rae1 Nc4 19. Qc3 Qd6 
20. Bxf6 Qxf6 21. Qxf6 gxf6 22. Nd4 Bg6 23. b3 Nb6 24. Nc5 Kf7 25. f4 Be4 
26. Nxe4 Rxe4 27. Rxe4 dxe4 28. Nxc6 f5 29. Rd1 a5 30. Nd4 Rd8 31. Rd2 Rd7 
32. Nf3 exf3 33. Rxd7+ Nxd7 34. gxf3 Nb6 35. c4 Ke6 36. Kf2 Kd6 37. Ke3 Kc5 
38. a3 a4 39. bxa4 Nxa4 40. Kd3 Nb6 
0-1

[Event "34th Chess Olympiad (women)"]
[Site "Istanbul"]
[Date "2000.10.31"]
[Round "4.32.3"]
[White "Jamal, Jawan"]
[Black "Vega, Carla"]
[WhiteElo "2000"]
[BlackElo "2000"]
[WhiteCountry "IRQ"]
[BlackCountry "CRC"]
[Result "1/2-1/2"]

1. d4 d5 2. Nf3 c6 3. c4 Nf6 4. Nc3 Bf5 5. Bf4 e6 6. e3 Be7 7. cxd5 exd5 
8. Bd3 Bxd3 9. Qxd3 h6 10. O-O O-O 11. Rac1 Na6 12. a3 Nc7 13. h3 Ne6 
14. Bh2 Qa5 15. Rfd1 Rfc8 16. Nd2 Qd8 17. Nb3 Bd6 18. Bxd6 Qxd6 19. Na4 Ne4 
20. Nac5 N6xc5 21. Nxc5 Nxc5 22. Rxc5 Rc7 23. b4 a6 24. Rdc1 Rac8 25. Qb3 Kf8 
26. Qd3 Kg8 27. Qb3 Kf8 28. g3 g6 29. Qd1 Qf6 30. Kg2 Qe6 31. Qf3 Qd6 
32. Qf4 Qxf4 33. gxf4 Ke7 34. f3 b6 35. R5c3 Kd7 36. e4 f6 37. e5 f5 38. Kf2 b5 
39. Ke3 Ke6 40. R3c2 Kf7 41. h4 h5 42. Kd3 Ke6 43. Kc3 Re7 44. Kb3 
1/2-1/2

[Event "34th Chess Olympiad (women)"]
[Site "Istanbul"]
[Date "2000.10.31"]
[Round "4.33.1"]
[White "Pacheco, Hilzandryly"]
[Black "Shabanaj, Eglantina"]
[WhiteElo "2000"]
[BlackElo "2176"]
[WhiteCountry "PUR"]
[BlackCountry "ALB"]
[Result "0-1"]

1. d4 f5 2. e3 Nf6 3. Bd3 e6 4. f4 d5 5. Nf3 Be7 6. O-O O-O 7. Nbd2 c6 
8. Ne5 Nbd7 9. Ndf3 Qe8 10. Qe1 Ne4 11. Nxd7 Bxd7 12. Ne5 Rd8 13. Rf3 c5 
14. c4 Bc6 15. Rh3 dxc4 16. Bxc4 Bd5 17. dxc5 Bxc4 18. Nxc4 Bxc5 19. b3 Qe7 
20. Bb2 Rd5 21. Ne5 Rfd8 22. Nf3 Bb4 23. Qe2 Rd2 24. Nxd2 Rxd2 25. Qc4 Rxb2 
26. Qc8+ Kf7 27. Rxh7 Nd6 28. Qh8 Bc3 29. Rh3 Ne4 30. Qh5+ g6 31. Qd1 Kf6 
32. Qd3 Rd2 33. Qb1 Qc5 34. a4 Bxa1 35. Qxa1+ Nc3 
0-1

[Event "34th Chess Olympiad (women)"]
[Site "Istanbul"]
[Date "2000.10.31"]
[Round "4.33.2"]
[White "Cima, Rozana"]
[Black "Martinez, Natiska"]
[WhiteElo "2055"]
[BlackElo "2000"]
[WhiteCountry "ALB"]
[BlackCountry "PUR"]
[Result "1-0"]

1. e4 e5 2. Nf3 Nc6 3. Bb5 d6 4. O-O Bd7 5. c3 Nf6 6. Re1 Be7 7. d4 exd4 
8. cxd4 a6 9. Ba4 b5 10. Bc2 O-O 11. Nc3 Bg4 12. Be3 h6 13. Rc1 Re8 
14. Qd2 Bxf3 15. gxf3 Nd7 16. Kh1 Bh4 17. Rg1 Kh8 18. Bxh6 Rg8 19. Bxg7+ Rxg7 
20. Rxg7 Kxg7 21. Rg1+ Bg5 22. Rxg5+ Kf8 23. Rh5 Qf6 24. Qh6+ Qxh6 25. Rxh6 Ke7 
26. Nd5+ 
1-0

[Event "34th Chess Olympiad (women)"]
[Site "Istanbul"]
[Date "2000.10.31"]
[Round "4.33.3"]
[White "Perez, Dolimar"]
[Black "Shabanaj, Alda"]
[WhiteElo "2000"]
[BlackElo "2000"]
[WhiteCountry "PUR"]
[BlackCountry "ALB"]
[Result "0-1"]

1. e4 c6 2. d4 d5 3. e5 Bf5 4. Nf3 e6 5. Bd3 Bg6 6. Be3 Nd7 7. c4 Ne7 
8. Nc3 Nf5 9. Bf4 Bb4 10. Qb3 Nxd4 11. Nxd4 Nc5 12. Bg5 Qxg5 
0-1

[Event "34th Chess Olympiad (women)"]
[Site "Istanbul"]
[Date "2000.10.31"]
[Round "4.34.1"]
[White "Hernandez, Yadira"]
[Black "Phiri, Catherine"]
[WhiteElo "2207"]
[BlackElo "2000"]
[WhiteCountry "MEX"]
[BlackCountry "ZAM"]
[Result "1-0"]

1. d4 Nf6 2. Nf3 g6 3. c4 Bg7 4. Nc3 O-O 5. e4 d6 6. Be2 Bg4 7. Be3 Nbd7 
8. Ng1 Bxe2 9. Ngxe2 Re8 10. f3 c5 11. d5 Nb6 12. b3 Nfd7 13. O-O a6 
14. Qd2 Bh8 15. f4 f5 16. exf5 Nf6 17. fxg6 hxg6 18. f5 gxf5 19. Rxf5 Kf7 
20. Raf1 Rg8 21. Ne4 Ke8 22. Ng5 Kd7 23. Ne6 Qe8 24. Qa5 Rxg2+ 25. Kxg2 Qg6+ 
26. Ng3 Ng4 27. Bg5 Bf6 28. Qxb6 Rh8 29. Qxb7+ Ke8 30. Qc8+ Kf7 31. Qxh8 Qg8 
32. Qh5+ Qg6 33. Qxg4 Ke8 34. Qh5 Qxh5 35. Nxh5 a5 36. Bxf6 exf6 37. Rxf6 
1-0

[Event "34th Chess Olympiad (women)"]
[Site "Istanbul"]
[Date "2000.10.31"]
[Round "4.34.2"]
[White "Mtine, Joy"]
[Black "Guerrero, Alejandra"]
[WhiteElo "2000"]
[BlackElo "2171"]
[WhiteCountry "ZAM"]
[BlackCountry "MEX"]
[Result "0-1"]

1. e4 e5 2. Nf3 Nc6 3. d4 exd4 4. Nxd4 Nf6 5. Nxc6 bxc6 6. Bg5 h6 7. Bxf6 Qxf6 
8. c3 Bc5 9. Qc2 O-O 10. Bd3 d5 11. O-O dxe4 12. Bxe4 Ba6 13. Rd1 Rfe8 
14. Bf3 Be2 15. Nd2 Bxd1 16. Qxd1 Rad8 17. Qc2 Re2 18. Rd1 Rxf2 19. Kh1 Rdxd2 
20. Qc1 Qxf3 
0-1

[Event "34th Chess Olympiad (women)"]
[Site "Istanbul"]
[Date "2000.10.31"]
[Round "4.34.3"]
[White "Garcia, Edith"]
[Black "Banda, Mercy"]
[WhiteElo "2052"]
[BlackElo "2000"]
[WhiteCountry "MEX"]
[BlackCountry "ZAM"]
[Result "1-0"]

1. e4 e5 2. Nf3 d6 3. d4 exd4 4. Nxd4 Nf6 5. Nc3 Bd7 6. h3 Nc6 7. Be3 a6 
8. Be2 Be7 9. O-O O-O 10. Re1 Re8 11. Qd2 h6 12. Rad1 Bf8 13. f3 Ne7 14. f4 Nc6 
15. Bf3 Nxd4 16. Bxd4 Bc6 17. Nd5 Nxd5 18. exd5 Rxe1+ 19. Rxe1 Bd7 20. Be4 Qh4 
21. Bd3 Re8 22. Rxe8 Bxe8 23. Qe3 Bd7 24. Qe4 g6 25. Bc3 Qe7 26. Qd4 f6 
27. Bxg6 Bg7 28. f5 Qe2 29. Qh4 Qd1+ 30. Kh2 Qxd5 31. Qe1 Bxf5 32. Qe8+ Bf8 
33. Bxf6 Qe6 34. Qxe6+ Bxe6 35. b3 Bg7 36. Bd8 c6 37. h4 Be5+ 38. g3 Kg7 
39. Bd3 d5 40. Bb6 Bf7 41. Kg2 Bg6 42. Bxg6 Kxg6 43. g4 Bf4 44. Kf3 Bc1 
45. Be3 Bb2 46. h5+ Kg7 47. g5 hxg5 48. Bxg5 Kf7 49. Kg4 b5 50. Kf5 Bc3 
51. Bf4 Bg7 52. h6 Bf6 53. Be5 Bxe5 54. Kxe5 Kg6 55. Kd6 Kxh6 56. Kxc6 Kg5 
57. Kxd5 Kf5 
1-0

[Event "34th Chess Olympiad (women)"]
[Site "Istanbul"]
[Date "2000.10.31"]
[Round "4.35.1"]
[White "Sultan, Hoda"]
[Black "Wiesuriya, Vineetha"]
[WhiteElo "2000"]
[BlackElo "2000"]
[WhiteCountry "UAE"]
[BlackCountry "SRI"]
[Result "1-0"]

1. e4 c5 2. c3 Nc6 3. d4 cxd4 4. cxd4 d5 5. exd5 Qxd5 6. Be3 e6 7. Nc3 Bb4 
8. Nf3 Qa5 9. Qc2 Nf6 10. Bd3 Bd7 11. O-O O-O 12. Rac1 Rac8 13. Qd2 Nd5 
14. Bh6 Bxc3 15. bxc3 gxh6 16. Qxh6 f5 17. Ng5 Nf6 18. Rfe1 Nd8 19. Re3 Rxc3 
20. Rd1 Nf7 21. Qxf6 Nxg5 22. Qxg5+ Kh8 23. Rg3 Rxd3 24. Qg7# 
1-0

[Event "34th Chess Olympiad (women)"]
[Site "Istanbul"]
[Date "2000.10.31"]
[Round "4.35.2"]
[White "Rathayake, Chandra"]
[Black "Hussain, Noora"]
[WhiteElo "2000"]
[BlackElo "2000"]
[WhiteCountry "SRI"]
[BlackCountry "UAE"]
[Result "1/2-1/2"]

1. e4 e5 2. Nf3 Nc6 3. Bc4 Bc5 4. c3 Nf6 5. d4 exd4 6. cxd4 Bb4+ 7. Nc3 Nxe4 
8. O-O Bxc3 9. d5 Ba5 10. dxc6 bxc6 11. Qa4 Bb6 12. Bxf7+ Kxf7 13. Qxe4 d5 
14. Ne5+ Kf8 15. Qc2 Qd6 16. Qxc6 Qxc6 17. Nxc6 Bb7 18. Ne5 c5 19. a4 Ke7 
20. Re1 
1/2-1/2

[Event "34th Chess Olympiad (women)"]
[Site "Istanbul"]
[Date "2000.10.31"]
[Round "4.35.3"]
[White "Hassan, Jawaher"]
[Black "Hettige Dona, Chathuri"]
[WhiteElo "2000"]
[BlackElo "2000"]
[WhiteCountry "UAE"]
[BlackCountry "SRI"]
[Result "1-0"]

1. e4 e5 2. Nf3 Nc6 3. Bc4 Bc5 4. c3 Nf6 5. d3 h6 6. Nbd2 a6 7. Bb3 d6 
8. O-O Bg4 9. h3 Bh5 10. Re1 O-O 11. Nf1 Bg6 12. Ne3 Ne7 13. Nh4 Bh7 
14. Qf3 Ng6 15. Nhf5 Ne7 16. Nxh6+ gxh6 17. Qxf6 Ng6 18. Ng4 Qxf6 19. Nxf6+ Kg7 
20. Nh5+ Kh8 21. Bxh6 Rfd8 22. Bxf7 Rg8 23. Bg5 Rg7 24. Bf6 
1-0

[Event "34th Chess Olympiad (women)"]
[Site "Istanbul"]
[Date "2000.10.31"]
[Round "4.36.1"]
[White "Sanli, Emine"]
[Black "Zepeda, Sonia"]
[WhiteElo "2000"]
[BlackElo "2046"]
[WhiteCountry "TURB"]
[BlackCountry "ESA"]
[Result "1-0"]

1. e4 d5 2. exd5 Qxd5 3. Nc3 Qa5 4. d4 c6 5. Nf3 Bg4 6. Bc4 e6 7. h3 Bxf3 
8. Qxf3 Nf6 9. Bb3 Nbd7 10. Bd2 Qc7 11. O-O-O O-O-O 12. Rhe1 Bd6 13. Ne4 Nxe4 
14. Qxe4 Nf6 15. Qf3 Rhe8 16. Bg5 Be7 17. c4 Qa5 18. Re5 Qc7 19. Bc2 c5 
20. Bxf6 gxf6 21. Rh5 cxd4 22. Bd3 Rh8 23. Kb1 f5 24. g4 f6 25. gxf5 e5 
26. Rh6 Rdg8 27. Be4 Kb8 28. Bd5 Rg5 29. Qe4 Qd7 30. Be6 Qc6 31. Bd5 Qd7 
32. Be6 Qc6 33. Qh4 Rg7 34. Bd5 Qb6 35. Qe4 Ba3 36. Qc2 Rg5 37. Ka1 Bf8 
38. Rh4 d3 39. Qxd3 Qxf2 40. Be4 Be7 41. Qd7 Qb6 42. Qxe7 
1-0

[Event "34th Chess Olympiad (women)"]
[Site "Istanbul"]
[Date "2000.10.31"]
[Round "4.36.2"]
[White "Pastor, Tahnya"]
[Black "Goler, Isil"]
[WhiteElo "2000"]
[BlackElo "2000"]
[WhiteCountry "ESA"]
[BlackCountry "TURB"]
[Result "1-0"]

1. e4 c6 2. d4 d5 3. e5 Bf5 4. Nf3 e6 5. a3 c5 6. c4 Nc6 7. cxd5 exd5 
8. dxc5 Bxc5 9. b4 Bb6 10. Bb2 Nge7 11. Bd3 Be6 12. O-O Ng6 13. Nbd2 Qd7 
14. Rc1 Nf4 15. Bb1 Bh3 16. e6 Bxe6 17. Ne5 Nxe5 18. Bxe5 Ng6 19. Bxg6 fxg6 
20. Qe2 O-O 21. Bg3 Bf5 22. Nf3 Rac8 23. Qd2 Be4 24. Ng5 Bf5 25. Nf3 Rfe8 
26. Rfd1 Rxc1 27. Rxc1 d4 28. Qa2+ Qf7 29. Qxf7+ Kxf7 30. a4 d3 31. a5 Bd8 
32. Rd1 Bf6 33. b5 Bc3 34. h3 Bxa5 35. Ne5+ Rxe5 36. Bxe5 g5 37. g4 Bg6 
38. Bd4 b6 39. Be3 h6 40. Bd2 Ke6 41. Bxa5 bxa5 42. Kf1 Kd5 43. Ra1 Kc4 
44. Rxa5 Be8 45. Ke1 Bxb5 46. Rxa7 Kc3 47. Rc7+ Bc4 48. Kd1 g6 49. Rc6 h5 
50. Rc7 hxg4 51. hxg4 Kd4 52. Kd2 Bb5 53. Re7 Bc4 54. Re3 Kd5 55. Kc3 Bb5 
56. Re7 Ba6 57. Ra7 Bc8 58. Ra4 Ke5 59. Kxd3 Bb7 60. Ke3 Kf6 61. Ra5 Bc8 
62. f3 Bb7 63. Rb5 Ba8 64. Rb6+ Kf7 65. f4 gxf4+ 66. Kxf4 Bg2 67. g5 Bd5 
68. Ke5 Bg2 69. Rf6+ Kg7 70. Ke6 Bh3+ 71. Ke7 Bg2 72. Rf7+ Kg8 73. Kf6 Be4 
74. Re7 Bd3 75. Re8+ Kh7 76. Kf7 Bc4+ 77. Kf8 Bd3 78. Re1 
1-0

[Event "34th Chess Olympiad (women)"]
[Site "Istanbul"]
[Date "2000.10.31"]
[Round "4.36.3"]
[White "Aydin, Nazli"]
[Black "Osorio, Lorena"]
[WhiteElo "2000"]
[BlackElo "2000"]
[WhiteCountry "TURB"]
[BlackCountry "ESA"]
[Result "1/2-1/2"]

1. e4 d5 2. exd5 Qxd5 3. Nc3 Qa5 4. d4 c6 5. Bc4 Bf5 6. Nf3 Nd7 7. Bd2 e6 
8. Qe2 Bb4 9. O-O-O Ngf6 10. Ne5 Nxe5 11. dxe5 Nd7 12. f4 h5 13. h3 O-O-O 
14. Rhf1 Nb6 15. Rf3 Nxc4 16. Qxc4 Rd7 17. a3 Bxc3 18. Rxc3 Rhd8 19. Qe2 Qd5 
20. Rb3 Qc5 21. Rc3 Qd5 22. Rb3 Qc5 23. Rc3 Qd5 
1/2-1/2

[Event "34th Chess Olympiad (women)"]
[Site "Istanbul"]
[Date "2000.10.31"]
[Round "4.37.1"]
[White "Hind, Bahji"]
[Black "Al-Sherkh Khade, Wasila"]
[WhiteElo "2000"]
[BlackElo "2000"]
[WhiteCountry "MAR"]
[BlackCountry "SYR"]
[Result "1/2-1/2"]

1. d4 d5 2. e3 Nf6 3. c4 c6 4. Nc3 e6 5. Nf3 Nbd7 6. Bd3 Bd6 7. O-O O-O 
8. cxd5 exd5 9. Rb1 Qe7 10. Qc2 Re8 11. a3 Ne4 12. b4 Ndf6 13. Na4 
1/2-1/2

[Event "34th Chess Olympiad (women)"]
[Site "Istanbul"]
[Date "2000.10.31"]
[Round "4.37.2"]
[White "Khalifeh, Diana"]
[Black "Amina, Oubaaqua"]
[WhiteElo "2000"]
[BlackElo "2000"]
[WhiteCountry "SYR"]
[BlackCountry "MAR"]
[Result "1-0"]

1. e4 c5 2. Nc3 d6 3. g3 Nf6 4. Bg2 e6 5. d3 d5 6. e5 Nfd7 7. f4 f6 8. Nf3 fxe5 
9. fxe5 d4 10. Ne4 Qc7 11. Bf4 Nc6 12. O-O Be7 13. Nd6+ Bxd6 14. exd6 Qb6 
15. Ng5 O-O 16. Nxe6 Rf6 17. Bd5 Kh8 18. Qh5 Rg6 19. Bg5 Nf6 20. Rxf6 Bxe6 
21. Rxe6 Rxe6 22. Bxe6 Rf8 23. Rf1 
1-0

[Event "34th Chess Olympiad (women)"]
[Site "Istanbul"]
[Date "2000.10.31"]
[Round "4.37.3"]
[White "Kamal, Fatima"]
[Black "Mir Mahmoud, Afamia"]
[WhiteElo "2000"]
[BlackElo "2000"]
[WhiteCountry "MAR"]
[BlackCountry "SYR"]
[Result "0-1"]

1. e4 c5 2. Nf3 e6 3. d4 cxd4 4. Nxd4 Nf6 5. Nc3 d6 6. Be2 Nc6 7. Be3 Be7 
8. O-O a6 9. f4 Qc7 10. Bf3 O-O 11. g4 Rb8 12. Qe1 Nxd4 13. Bxd4 e5 14. g5 exd4 
15. gxf6 dxc3 16. fxe7 Re8 17. Qxc3 Qxe7 18. Rae1 Bd7 19. Kh1 Rbc8 20. Qd2 Bc6 
21. Qg2 Qf6 22. c3 Rcd8 23. f5 Re5 24. Rg1 Rde8 25. Re3 d5 26. Rge1 Qe7 
27. Rg1 Qf6 28. Rge1 Qe7 29. Rg1 f6 30. Bh5 Rc8 31. Rg3 Rc7 32. exd5 Bxd5 
33. Bf3 Bxf3 34. Qxf3 Qc5 35. Qg2 Ree7 36. Rf1 Qa5 37. a3 Qb5 38. Rf2 Re1+ 
39. Qg1 Qd5+ 40. Rgg2 Rxg1+ 41. Kxg1 Re7 42. h4 Re1+ 43. Kh2 Qe5+ 44. Rg3 Re3 
45. Rg2 Rxg3 46. Rxg3 Kf7 47. Kg2 Qxf5 48. Rf3 Qg4+ 49. Rg3 Qxh4 50. Kf3 g5 
51. Rg4 Qh3+ 52. Rg3 Qf5+ 53. Ke2 h5 54. c4 Qe4+ 55. Re3 
0-1

[Event "34th Chess Olympiad (women)"]
[Site "Istanbul"]
[Date "2000.10.31"]
[Round "4.38.1"]
[White "Al-Gurshi, Buthaina"]
[Black "Gretarsdottir, Lilja"]
[WhiteElo "2000"]
[BlackElo "2000"]
[WhiteCountry "YEM"]
[BlackCountry "ISL"]
[Result "0-1"]

1. e4 c5 2. Nf3 d6 3. Nc3 Nf6 4. d4 cxd4 5. Nxd4 a6 6. Bg5 e6 7. Bc4 Be7 
8. O-O b5 9. Bd3 Qc7 10. Nf3 Bb7 11. Re1 Nbd7 12. a3 O-O 13. Qd2 Rac8 
14. Rac1 Rfd8 15. Bh4 Qb8 16. Kf1 Qa8 17. Rb1 Nb6 18. Rbc1 Rd7 19. Qe3 Nc4 
20. Qf4 Nxb2 21. Be2 Rxc3 22. e5 dxe5 23. Qxe5 Rdc7 24. Rb1 Na4 25. Red1 Rxc2 
26. Bg5 R7c5 27. Qf4 Rxe2 28. Kxe2 Nc3+ 29. Kd2 Nxb1+ 30. Rxb1 Ne4+ 
31. Ke2 Nxg5 32. Ne1 h6 33. Nd3 Rf5 34. Qc7 Bxg2 35. Qxe7 Qf3+ 36. Kd2 Ne4+ 
37. Kc2 Qe2+ 38. Kb3 Qxd3+ 39. Kb4 Qd2+ 
0-1

[Event "34th Chess Olympiad (women)"]
[Site "Istanbul"]
[Date "2000.10.31"]
[Round "4.38.2"]
[White "Ingolfsdottir, Harpa"]
[Black "Abdulsalam, Rawidah"]
[WhiteElo "2100"]
[BlackElo "2000"]
[WhiteCountry "ISL"]
[BlackCountry "YEM"]
[Result "1-0"]

1. e4 e5 2. Nf3 Nc6 3. d4 exd4 4. Nxd4 Bc5 5. Nxc6 bxc6 6. Bc4 d6 7. O-O Nf6 
8. Bg5 h6 9. Bh4 O-O 10. Nc3 Bb4 11. Re1 Bxc3 12. bxc3 Be6 13. Bb3 g5 
14. Bg3 Nd7 15. Qh5 Qf6 16. Re3 Ne5 17. Bxe5 dxe5 18. Rf3 Qg7 19. h4 Bxb3 
20. hxg5 Kh7 21. gxh6 Qxh6 22. Qf5+ Qg6 23. Rh3+ Kg7 24. Rg3 Rad8 
25. Rxg6+ fxg6 26. Qxe5+ Kg8 27. cxb3 Rd6 28. Qa5 Rdf6 29. f3 R8f7 30. Qxa7 g5 
31. Rd1 g4 32. Rd8+ Kg7 33. Qc5 gxf3 34. gxf3 Rg6+ 35. Kf2 Kh7 36. Qh5+ Kg7 
37. Qh8# 
1-0